000 00516nam a2200193 a 4500
001 1769948270496
003 YourLibrary
005 20260201175203.0
008 260201s1999##################000#0#eng##
020 _a9780745313528
082 0 4 _a332.12
_bMCM
100 1 _aMcMurtry, John,
_eauthor.
245 1 0 _aThe Cancer Stage of Capitalism :
260 _bLondon : Pluto Press,
_c1999.
300 _a336 pages
650 0 _aBusiness & Economics.
942 _cENGLISH
040 _aYourLibrary
_beng
_cYourLibrary
999 _c609943
_d609943